000 00974nam a2200229 a 4500
001 BRCA_8837
005 20190320210430.0
008 050517s1757----it-#######---#000-0#ita-#
041 _aita
044 _ait
084 _aBE218
_b.C35 1757
100 1 _aCalino, Cesare (S.I.)
_d1670 - 1749
_922020
245 1 0 _aDiscorsi scritturali e morali
_bAd utile Trattenimento delle monache
_copera di Cesare Calino della Compagnia di gesu´; parte terza, volumen primo diretta principalmente alle professe in generale.
260 _aVenezi
_bPresso Gio: Battista Recurri
_c1757
300 _a503 p. (t.3)
_c16.3 x 9.1 cm.
500 _aCon licenza de superiori, e privilegio
500 _aEstado físicos: presenta encuadernación en pergamino con cintas rotas, lomo semi desprendió y hojas manchadas
505 0 _aContenido: Parte 3, v.1, Diretta principalmente alle professe in generale
650 1 4 _aMoral
_yObras anteriores a 1800
_922021
902 _aCFM
942 _2lcc
_cB
999 _c8488
_d8488